Microtecnología : diario de un proceso ; fabricación de un microacelerómetro /

Bibliographic Details
Main Authors: Cruz Acero, María Cruz (Author), Lora-Tamayo D'Ocon, Emilio (Author), Plaza, José Antonio (Author), Esteve, Jaume (Author)
Format: Electronic eBook
Language:Spanish
Published: Madrid : Consejo Superior de Investigaciones Científicas, 2010.
Series:Biblioteca de Ciencias (Consejo Superior de Investigaciones Científicas (España)) ; 36.
Subjects:
Online Access:Digitalia Hispánica

MARC

LEADER 00000nam a2200000Ii 4500
001 DIGCSIC0936
003 NyNyDIG
006 m d
007 cr |||||||||||
008 121201s2010 sp ob 000 0 spa d
020 |a 9788400091637  |q (eBook) 
020 |z 9788400091620 
020 |z 8400091620  
035 |a (OCoLC)753388805 
040 |a DGITA  |b eng  |e pn  |c DGITA 
050 0 0 |a TK7875 eBook 
100 1 |a Cruz Acero, María Cruz,  |e author. 
245 1 0 |a Microtecnología :  |b diario de un proceso ; fabricación de un microacelerómetro /  |c María Cruz Acero, Jaume Esteve, José Antonio Plaza y Emilio Lora-Tamayo. 
246 3 0 |a Fabricación de un microacelerómetro. 
264 1 |a Madrid :  |b Consejo Superior de Investigaciones Científicas,  |c 2010. 
300 |a 1 online resource (154 pages) :  |b ill. (some col.), maps. 
336 |a text  |b txt  |2 rdacontent 
337 |a computer  |b c  |2 rdamedia 
338 |a online resource  |b cr  |2 rdacarrier 
490 1 |a Biblioteca de Ciencias ;  |v 36. 
504 |a Includes bibliographical references and index. 
650 0 |a Microelectronics. 
650 0 |a Microelectromechanical systems  |x Design and construction.  
650 0 |a Accelerometers. 
655 0 |a Electronic books. 
791 2 |a Digitalia (Firm),  |e distributor. 
700 1 |a Lora-Tamayo D'Ocon, Emilio,  |e author.  
700 1 |a Plaza, José Antonio,  |e author. 
700 1 |a Esteve, Jaume,  |e author. 
830 0 |a Biblioteca de Ciencias (Consejo Superior de Investigaciones Científicas (España)) ;  |v 36. 
793 0 |g Digitalia eBook Collection:  |a Editorial CSIC. 
856 4 0 |3 Digitalia Hispánica  |u https://www.digitaliapublishing.com/a/14649/ 
910 |a Premium Collection: 2007-2012